Tartarin de Tarascon (Record no. 6050)

MARC details
000 -CABECERA
campo de control de longitud fija 00690nam a2200241 a 4500
001 - NÚMERO DE CONTROL
campo de control BRCA_6364
005 - FECHA Y HORA DE LA ÚLTIMA TRANSACCIÓN
campo de control 20190320205427.0
008 - DATOS DE LONGITUD FIJA--INFORMACIÓN GENERAL
campo de control de longitud fija 120711s1911----fr-a######---#000-1#fre-#
041 ## - CÓDIGO DE LENGUA
Código de lengua del texto/banda sonora o título independiente fre
044 ## - CÓDIGO DEL PAÍS DE LA ENTIDAD EDITORA/PRODUCTORA
Código MARC del país fr
050 #4 - SIGNATURA TOPOGRÁFICA DE LA BIBLIOTECA DEL CONGRESO
Número de clasificación PQ2216
Número de documento/Ítem .D38 1 1911
100 1# - ENTRADA PRINCIPAL--NOMBRE DE PERSONA
Nombre de persona Daudet, Alphonse
9 (RLIN) 14910
245 10 - MENCIÓN DE TÍTULO
Título Tartarin de Tarascon
Mención de responsabilidad, etc. Alphonse Daudet ; illustré par J. Girardet ... [et al.]
260 ## - PUBLICACIÓN, DISTRIBUCIÓN, ETC.
Lugar de publicación, distribución, etc. París
Nombre del editor, distribuidor, etc. Ernest Flammarion
Fecha de publicación, distribución, etc. [1911]
300 ## - DESCRIPCIÓN FÍSICA
Extensión 233 p.
Otras características físicas il.
Dimensiones 17 cm.
440 #0 - MENCIÓN DE SERIE/PUNTO DE ACCESO ADICIONAL--TÍTULO
Título Collection Guillaume
9 (RLIN) 15597
500 ## - NOTA GENERAL
Nota general Ejemplar igual a I60
500 ## - NOTA GENERAL
Nota general CEF62
650 14 - PUNTO DE ACCESO ADICIONAL DE MATERIA--TÉRMINO DE MATERIA
Término de materia o nombre geográfico como elemento de entrada Literatura francesa
9 (RLIN) 15948
700 1# - PUNTO DE ACCESO ADICIONAL--NOMBRE DE PERSONA
Nombre de persona Girardet, J.
Término indicativo de función/relación Ilustrador
9 (RLIN) 15949
902 ## - CATALOGADOR
Iniciales GFM
942 ## - ELEMENTOS DE PUNTO DE ACCESO ADICIONAL (KOHA)
Fuente del sistema de clasificación o colocación Library of Congress Classification
Tipo de ítem Koha Libros
Holdings
Estado de retiro Estado de pérdida Estado dañado No para préstamo Localización permanente Ubicación/localización actual Fecha de adquisición Número de inventario Total de préstamos Signatura topográfica completa Código de barras Fecha visto por última vez Precio válido a partir de Tipo de ítem Koha
El ejemplar forma parte de la colección y puede ser consultado según las políticas vigentes.       Biblioteca del Museo Franz Mayer (Rogerio Casas-Alatriste) Biblioteca del Museo Franz Mayer (Rogerio Casas-Alatriste) 24/08/2011 CEF62   PQ2216 .D38 1 1911 (CEF62) 6811 22/03/2019 22/03/2019 Libros